Divoženka / Elizabeth Fenwicková ; [z angl. orig. přel. Zuzana Ceplová]
Román americké autorky (nar. 1920) rozvíjí dramatický příběh, v němž třiaosmdesátiletý slepec se stává přítelem osiřelé holčičky-divoženky a zachraňuje ji před maniakem.
Record details
- Physical Description: 133 s. ; 8°
- Edition: 1. vyd.
- Publisher: Praha : Odeon, 1978
Content descriptions
| General Note: | 50000 výt. Obálka Adolf Born |
Search for related items by series
Available copies
- 1 of 1 copy available at Common Catalog SPOK.
Holds
- 0 current holds with 1 total copy.
Show Only Available Copies
| Location | Call Number / Copy Notes | Barcode | Shelving Location | Status | Due Date |
|---|---|---|---|---|---|
| Hospic Dobrého Pastýře | BE-F
Tematická katagorie: Beletrie (BE) |
2045957009902 | Knihovna | Available | - |
Electronic resources
Version of Resource: Digitalizovaný dokument
| LDR | 01240nam a22003251 4500 | ||
|---|---|---|---|
| 001 | 28589 | ||
| 003 | CZ-PrJAB | ||
| 005 | 20170828090909.0 | ||
| 008 | 970222s1978 xr cze | ||
| 015 | . | ‡acnb000132408 | |
| 020 | . | ‡q(Kart.) : ‡cKčs 12,50 | |
| 035 | . | ‡a(CZ PrNK)bk197801228 | |
| 035 | . | ‡a(OCoLC)42146129 | |
| 040 | . | ‡aABA001 ‡bcze ‡cCBA001 ‡dABA001 | |
| 041 | 1 | . | ‡acze ‡heng |
| 080 | . | ‡a820(73)-311.1-311.4 ‡2undef | |
| 100 | 1 | . | ‡aFenwick, Elizabeth, ‡d1920- ‡7xx0099086 ‡4aut |
| 245 | 1 | 0. | ‡aDivoženka / ‡cElizabeth Fenwicková ; [z angl. orig. přel. Zuzana Ceplová] |
| 250 | . | ‡a1. vyd. | |
| 260 | . | ‡aPraha : ‡bOdeon, ‡c1978 ‡f(Mír 1) | |
| 300 | . | ‡a133 s. ; ‡c8° | |
| 490 | 1 | . | ‡aČtení na dovolenou |
| 500 | . | ‡a50000 výt. | |
| 500 | . | ‡aObálka Adolf Born | |
| 520 | . | ‡aRomán americké autorky (nar. 1920) rozvíjí dramatický příběh, v němž třiaosmdesátiletý slepec se stává přítelem osiřelé holčičky-divoženky a zachraňuje ji před maniakem. | |
| 700 | 1 | . | ‡aCeplová, Zuzana, ‡d1938- ‡7jk01020614 ‡4trl |
| 765 | 0 | . | ‡tA Friend of Mary Rose ‡9Česky |
| 830 | 0. | ‡aČtení na dovolenou | |
| 856 | 4 | 1. | ‡uhttp://kramerius4.nkp.cz/search/handle/uuid:dbe7c250-63dc-11e2-9d9f-005056827e52 ‡yDigitalizovaný dokument |
| 910 | . | ‡aBNE702 | |
| 998 | . | ‡a000132408 | |
| 901 | . | ‡a28589 ‡b ‡c28589 ‡tbiblio | |